[Event "BL2 Sued 1314 (Women)"]
[Site "Germany"]
[Date "2013.11.30"]
[Round "1.1"]
[White "Batsiashvili, Nino"]
[Black "Czech, Daiva"]
[Result "1-0"]
[WhiteElo "2412"]
[BlackElo "2113"]
[PlyCount "83"]
[EventDate "2013.11.30"]
[EventType "team-tourn"]
[EventRounds "7"]
[EventCountry "GER"]
[SourceTitle "EXT 2018"]
[Source "ChessBase"]
[SourceDate "2017.10.13"]
[SourceVersion "1"]
[SourceVersionDate "2017.10.13"]
[SourceQuality "1"]
[WhiteTeam "Schwaebisch Hall (W)"]
[BlackTeam "Wadgassen/Differten (W)"]
[WhiteTeamCountry "GER"]
[BlackTeamCountry "GER"]

1. d4 Nf6 2. c4 g6 3. Nc3 Bg7 4. e4 d6 5. Nf3 0-0 6. Be2 Nbd7 7. 0-0 c6 8. b3 e5 9. Bb2 exd4 10. Nxd4 d5 11. exd5 cxd5 12. cxd5 Nb6 13. Ba3 Nfxd5 14. Nxd5 Qxd5 15. Bxf8 Bxd4 16. Bh6 Bf5 17. Bf3 Qe5 18. Rc1 Rd8 19. Qe2 Qf6 20. Rfd1 g5 21. Rxd4 Qxd4 22. Bxg5 f6 23. Be3 Qd7 24. Rd1 Qxd1+ 25. Qxd1 Rxd1+ 26. Bxd1 Be4 27. f3 Bd3 28. Kf2 Nd5 29. Be2 Bxe2 30. Kxe2 Nc3+ 31. Kd3 Nxa2 32. Bd2 b6 33. Kc2 a5 34. Kb2 Nb4 35. Bxb4 axb4 36. Kc2 Kf7 37. Kd3 Ke6 38. Kc4 Kd6 39. Kxb4 Kc6 40. g4 h6 41. h3 b5 42. Ka5 1-0

[Event "BL2 Sued 1213 (Women)"]
[Site "Germany"]
[Date "2013.01.20"]
[Round "5.1"]
[White "Czech, Daiva"]
[Black "Worek, Joanna"]
[Result "0-1"]
[WhiteElo "2101"]
[BlackElo "2287"]
[PlyCount "58"]
[EventDate "2012.10.06"]
[EventType "team-tourn"]
[EventRounds "7"]
[EventCountry "GER"]
[SourceTitle "EXT 2018"]
[Source "ChessBase"]
[SourceDate "2017.10.13"]
[SourceVersion "1"]
[SourceVersionDate "2017.10.13"]
[SourceQuality "1"]
[WhiteTeam "Wadgassen/Differten (W)"]
[BlackTeam "Schott Mainz (W)"]
[WhiteTeamCountry "GER"]
[BlackTeamCountry "GER"]

1. e4 c5 2. Nc3 e6 3. g3 Nc6 4. Bg2 Nf6 5. f4 d5 6. d3 b5 7. exd5 exd5 8. Nxb5 Be7 9. Ne2 0-0 10. 0-0 Bf5 11. h3 h5 12. Kh2 Re8 13. a4 Rc8 14. d4 a6 15. Nbc3 Nb4 16. dxc5 Nxc2 17. Nd4 Nxd4 18. Qxd4 Bxc5 19. Qd1 d4 20. Na2 Ba7 21. Nb4 Qb6 22. Nd3 a5 23. Ra3 Qa6 24. Re1 Bxd3 25. Rxe8+ Nxe8 26. Rxd3 Rxc1 27. Qf3 Nf6 28. g4 hxg4 29. hxg4 Nxg4+ 0-1

[Event "BL2 Sued 0809 (Women)"]
[Site "Germany"]
[Date "2009.01.04"]
[Round "5.1"]
[White "Endress, Anna"]
[Black "Czech, Daiva"]
[Result "0-1"]
[WhiteElo "2067"]
[BlackElo "2116"]
[PlyCount "52"]
[EventDate "2008.11.08"]
[EventType "team-tourn"]
[EventRounds "7"]
[EventCountry "GER"]
[SourceTitle "EXT 2010"]
[Source "ChessBase"]
[SourceDate "2010.11.25"]
[SourceVersion "1"]
[SourceVersionDate "2010.11.25"]
[SourceQuality "1"]
[WhiteTeam "Schott Mainz (W)"]
[BlackTeam "Differten (W)"]
[WhiteTeamCountry "GER"]
[BlackTeamCountry "GER"]

1. e4 c5 2. Nf3 d6 3. d4 cxd4 4. Nxd4 Nf6 5. Nc3 a6 6. Bc4 e6 7. Bb3 Be7 8. 0-0 0-0 9. Qf3 Nc6 10. Nxc6 bxc6 11. e5 dxe5 12. Ba4 Bd7 13. Bxc6 Bxc6 14. Qxc6 Qa5 15. Bd2 Rfc8 16. Qb7 Nd5 17. Rad1 Qc5 18. Be3 Nxe3 19. fxe3 Rab8 20. Qf3 f5 21. Kh1 e4 22. Qf4 Bf6 23. g4 Be5 24. Qg5 Rxb2 25. Na4 Qxc2 26. Nxb2 Qxh2# 0-1

[Event "BL2 Sued 0809 (Women)"]
[Site "Germany"]
[Date "2008.11.09"]
[Round "2.1"]
[White "Czech, Daiva"]
[Black "Zahn, Nicol"]
[Result "1-0"]
[WhiteElo "2116"]
[BlackElo "1964"]
[PlyCount "59"]
[EventDate "2008.11.08"]
[EventType "team-tourn"]
[EventRounds "7"]
[EventCountry "GER"]
[SourceTitle "EXT 2010"]
[Source "ChessBase"]
[SourceDate "2010.11.25"]
[SourceVersion "1"]
[SourceVersionDate "2010.11.25"]
[SourceQuality "1"]
[WhiteTeam "Differten (W)"]
[BlackTeam "Hofheim (W)"]
[WhiteTeamCountry "GER"]
[BlackTeamCountry "GER"]

1. e4 c5 2. Nf3 e6 3. d4 cxd4 4. Nxd4 a6 5. c4 Qc7 6. Nc3 Nf6 7. Be3 Be7 8. Be2 0-0 9. 0-0 d6 10. f4 Nbd7 11. Rc1 b6 12. Bf3 Bb7 13. f5 e5 14. Nb3 Nc5 15. Nd2 a5 16. g4 Rfc8 17. g5 Ne8 18. f6 gxf6 19. Bh5 Nd3 20. Qg4 fxg5 21. Bxg5 Kh8 22. Rxf7 Qc5+ 23. Kh1 Nf6 24. Bxf6+ Bxf6 25. Rxh7+ Kxh7 26. Qg6+ Kh8 27. Qxf6+ Kh7 28. Bg6+ Kh6 29. Bf5+ Kh5 30. Qg6+ 1-0

[Event "Saarland-ch MA"]
[Site "Saarlouis Steinrausch"]
[Date "2005.03.22"]
[Round "5"]
[White "Czech, Daiva"]
[Black "Scheuermann, Gerhard"]
[Result "1-0"]
[WhiteElo "2110"]
[BlackElo "2160"]
[PlyCount "65"]
[EventDate "2005.03.18"]
[EventType "swiss"]
[EventRounds "9"]
[EventCountry "GER"]
[SourceTitle "EXT 2012"]
[Source "ChessBase"]
[SourceDate "2011.11.24"]
[SourceVersion "1"]
[SourceVersionDate "2011.11.24"]
[SourceQuality "1"]

1. e4 e5 2. Nf3 Nf6 3. Nxe5 d6 4. Nf3 Nxe4 5. d4 d5 6. Bf4 Be7 7. Nbd2 Bg4 8. Be2 Nc6 9. c3 f5 10. Ne5 Bxe2 11. Qxe2 0-0 12. f3 Bg5 13. Bxg5 Nxg5 14. f4 Ne4 15. 0-0-0 a5 16. g4 a4 17. gxf5 a3 18. Nxe4 axb2+ 19. Qxb2 dxe4 20. Qb3+ Kh8 21. Nf7+ Rxf7 22. Qxf7 Qd6 23. Rhg1 Qxf4+ 24. Kb1 Qh6 25. Rg4 Rg8 26. Rxe4 Nd8 27. Qd7 Qb6+ 28. Ka1 Qa5 29. Rd3 Qa3 30. Kb1 Qa6 31. Rde3 Qf1+ 32. Kb2 Qc4 33. Re8 1-0

[Event "Saarland-ch MA"]
[Site "Saarlouis Steinrausch"]
[Date "2005.03.20"]
[Round "3"]
[White "Czech, Daiva"]
[Black "Spengler, Hanno"]
[Result "1/2-1/2"]
[WhiteElo "2110"]
[BlackElo "2051"]
[PlyCount "43"]
[EventDate "2005.03.18"]
[EventType "swiss"]
[EventRounds "9"]
[EventCountry "GER"]
[SourceTitle "EXT 2012"]
[Source "ChessBase"]
[SourceDate "2011.11.24"]
[SourceVersion "1"]
[SourceVersionDate "2011.11.24"]
[SourceQuality "1"]

1. e4 e5 2. Nf3 Nf6 3. Nxe5 d6 4. Nf3 Nxe4 5. Nc3 Nxc3 6. bxc3 d5 7. d4 Bd6 8. Bg5 f6 9. Bh4 0-0 10. Be2 Nd7 11. 0-0 Re8 12. c4 c6 13. Re1 Nf8 14. cxd5 cxd5 15. c3 Be6 16. Bg3 Rc8 17. Qb3 Re7 18. Rac1 Rc6 19. Nd2 Bxg3 20. hxg3 Qa5 21. Qb4 Qxb4 22. cxb4 1/2-1/2

[Event "Saarland-ch MA"]
[Site "Saarlouis Steinrausch"]
[Date "2005.03.18"]
[Round "1"]
[White "Czech, Daiva"]
[Black "Becking, Stephan"]
[Result "1/2-1/2"]
[WhiteElo "2110"]
[BlackElo "2337"]
[PlyCount "120"]
[EventDate "2005.03.18"]
[EventType "swiss"]
[EventRounds "9"]
[EventCountry "GER"]
[SourceTitle "EXT 2012"]
[Source "ChessBase"]
[SourceDate "2011.11.24"]
[SourceVersion "1"]
[SourceVersionDate "2011.11.24"]
[SourceQuality "1"]

1. e4 e6 2. d4 d5 3. e5 c5 4. c3 Nc6 5. Nf3 Bd7 6. a3 Qb6 7. b4 cxd4 8. cxd4 Rc8 9. Be3 Nh6 10. Nbd2 Nf5 11. Nb3 a5 12. bxa5 Nxa5 13. Nxa5 Nxe3 14. fxe3 Qxa5+ 15. Kf2 Be7 16. Bd3 Bb5 17. Bxb5+ Qxb5 18. Rb1 Qa6 19. Qb3 0-0 20. a4 Rc7 21. Rhc1 Rfc8 22. Rxc7 Rxc7 23. Ne1 g6 24. Rb2 Kf8 25. Rc2 Rc6 26. Rxc6 Qxc6 27. Qc2 Ke8 28. Ke2 Kd7 29. Kd1 Kc7 30. Qxc6+ bxc6 31. Nd3 Kb6 32. Kc2 Bg5 33. Nf4 c5 34. dxc5+ Kxc5 35. Kc3 Kb6 36. g3 Ka5 37. Kb3 h5 38. h3 Bh6 39. g4 hxg4 40. hxg4 Bg5 41. Ng2 Bd8 42. Ne1 Bg5 43. Nc2 Bh6 44. Nd4 Kb6 45. Nb5 Bxe3 46. Nd6 Kc5 47. Nxf7 Kd4 48. a5 Ke4 49. a6 g5 50. Nxg5+ Kxe5 51. Nf7+ Kf4 52. g5 Kf5 53. Nd8 e5 54. Nc6 e4 55. Ne7+ Ke6 56. Nc6 Bb6 57. a7 Bxa7 58. Nxa7 Kf5 59. Nc6 Kxg5 60. Kc3 d4+ 1/2-1/2